书目信息 |
| 题名: |
水基涂料-
|
|
| 作者: | 张兴华 编著 | |
| 分册: | ||
| 出版信息: | 北京 中国轻工业出版社 2000 |
|
| 页数: | 179 | |
| 开本: | 20cm | |
| 丛书名: | ||
| 单 册: | ||
| 中图分类: | TQ637 | |
| 科图分类: | ||
| 主题词: | 漆料--专用 | |
| 电子资源: | ||
| ISBN: | 7-5019-2043-5 | |
| 000 | 00631nam0 2200193 450 | |
| 001 | 0754114953 | |
| 005 | 20070929150154.95 | |
| 010 | @a7-5019-2043-5 | |
| 100 | @a20070929d km y0chiy0120 ea | |
| 101 | 0 | @achi |
| 200 | 1 | @a水基涂料-@Ashui ji tu liao-@e原料选择配方设计生产工艺@f张兴华 编著@Fzhang xing hua bian zhu |
| 210 | @a北京@c中国轻工业出版社@d2000 | |
| 215 | @a179@c插图@d20cm | |
| 517 | 1 | @a原料选择配方设计生产工艺@Ayuan liao xuan ze pei fang she ji sheng chan gong yi |
| 606 | 0 | @a漆料@x专用 |
| 690 | @aTQ637@v3 | |
| 701 | 0 | @a张兴华@Azhang xing hua@4编著 |
| 801 | 0 | @aCN@bPFT@c20070929 |
| 905 | @a213230@dTQ637@eh28@f1 | |
| 水基涂料-:原料选择配方设计生产工艺/张兴华 编著.-北京:中国轻工业出版社,2000 |
| 179:插图;20cm |
| ISBN 7-5019-2043-5: |
| ● |
| 相关链接 |
|
|
|
|
正题名:水基涂料-
索取号:TQ637/h28
 
预约/预借
| 序号 | 登录号 | 条形码 | 馆藏地/架位号 | 状态 | 备注 |
| 1 | 6000578 | 260005782 | 化学系资料室/ [索取号:TQ637/h28] | 在馆 |